| 000 | 00701nam a22002297a 4500 | ||
|---|---|---|---|
| 003 | OSt | ||
| 005 | 20140310182005.0 | ||
| 008 | 130729t xxu||||| |||| 00| 0 eng d | ||
| 020 | _a9781853260001 | ||
| 050 |
_aPR 4034 _b.Au933 1999 |
||
| 082 |
_aCLA _bAu7p 1999 |
||
| 100 |
_aAusten, Jane _93072 |
||
| 245 |
_aPride and prejudice / _cJane Austen ; introduction and notes by Ian Littlewood. |
||
| 260 |
_aHertfordshire : _bWordswoth Editions, _c1999, c1993. |
||
| 300 | _axvi, 265 p. ; | ||
| 541 | _j1 | ||
| 562 | _e1 | ||
| 650 |
_a International Baccalaureate. _9127 |
||
| 650 |
_a Austen, Jane. Pride and prejudice. _93291 |
||
| 650 |
_a Classics. _92808 |
||
| 942 |
_2lcc _cBBK _kCLA |
||
| 999 |
_c8054 _d8054 |
||